000 00862nmc a2200313 a 4500
003 AR-BaBNM
005 20251128210717.0
008 131020s1995 ||||||||||||||000 | spa||
020 _a950-739-379-X
040 _cAR-BaBNM
100 1 _aFara, Graciela Susana
245 1 0 _aLa computadora
_buna herramienta pedagógica
250 _a1ª ed.
260 _aBuenos Aires
_bErrepar
_c1995
300 _a61 p.
_bgráfs.
490 0 _aNueva educación
500 _aContiene referencias bibliográficas y gráficos
650 4 _aINFORMATICA
650 4 _aROL DEL DOCENTE
650 4 _aRELACION ALUMNO-DOCENTE
650 4 _aRELACION PADRES-DOCENTE
650 4 _aCOMPUTADORAS
650 4 _aACTITUD DEL DOCENTE
650 4 _aACTIVIDADES DE APRENDIZAJE
700 1 _aLamas, Ana María
700 1 _aNegri, Amelia
942 _cBK
998 _cRAQUEL
999 _c16552
_d16552